banner-ar

المسيح فى الجولان : تاريخ واثار / (Record no. 66687)

MARC details
000 -الفاتح
حقل البيانات ثابتة الطول 00745nam a2200217 4500
005 - وقت وتاريخ اخر تعامل مع التسجيلة
رقم الضبط 20240530110933.0
008 - عناصر البيانات ثابتة الطول - معلومات عامة
حقل البيانات ثابتة الطول 220911s2006 ab g 000 0 ara d
017 ## - رقم الايداع القانونى
المصدر ( الهيئة المختصة) مصر. دار الكتب
040 ## - مصدر الفهرسة
وكالة الفهرسة الأصلية EG-CaGPL
وكالة النسخ EG-CaGPL
082 ## - رقم تصنيف ديوى العشرى
رقم الطبعة 21
رقم التصنيف 915.65\
رقم المادة ت م
100 0# - المدخل الرئيسى - إسم شخصى
الإسم الشخصى تيسير خلف
245 12 - بيان العنوان
العنوان المسيح فى الجولان : تاريخ واثار /
بيان المسئوليه,etc تيسير خلف ، عزالدين سطاس
250 ## - بيان الطبعة
بيان الطبعة ط.1
260 ## - PUBLICATION, DISTRIBUTION, ETC. (IMPRINT)
تاريخ النشر أو التوزيع 2006
300 ## - الوصف المادى
التعداد 112 ص. ؛
أبعاد الوعاء 24 سم.
650 07 - المدخل الاضافى بالموضوع-مصطلح موضوعى
مصطلح موضوعي المسيح
التقسيم الفرعي العام تاريخ
651 07 - المدخل الاضافى بالموضوع - اسم جغرافى
مصدر الرأس أو المصطلح qrmak
الاسم الجغرافي الجولان
التقسيم الفرعي العام اثار
700 0# - المدخل الاضافى - اسم شخصى
الإسم الشخصى عزالدين سطاس
الدور مؤلف مشارك
942 ## - عناصر المدخل الإضافي( كوها)
مصدر التصنيف او مخطط الترفيف Dewey Decimal Classification
Koha [default] item type كتاب
260 ## - PUBLICATION, DISTRIBUTION, ETC. (IMPRINT)
-- دمشق :
-- دار كنعان،
Holdings
حالة التراجع حالة الفقد حالة تلف ليس للاعارة المكان المؤقت الموقع الحالى موقع الترفيف تاريخ الاكتساب اجمالي اﻻعارات رقم الطلب الباركود تاريخ اخر مشاهدة تاريخ تفعيل السعر نوع وعاء كوها
        مكتبة القاهرة الكبرى مكتبة القاهرة الكبرى ق الرئيسية_التاريخ والجغرافيا_ك عربى 09/13/2022   915.65\ ت م 168459 09/13/2022 09/13/2022 كتاب

Powered By

EGPV